| 000 | 01124nam a22002657a 4500 | ||
|---|---|---|---|
| 005 | 20170123162307.0 | ||
| 010 | _aB-284069 | ||
| 020 |
_c200.00 _a9788180421174 |
||
| 035 | _aB-284069 | ||
| 037 | _bCen Lib/Ret | ||
| 040 |
_aDPL _bUR |
||
| 082 |
_a841 _bآ ن ن |
||
| 100 |
_aاناند، وددیا ساگر _9111303 |
||
| 245 |
_aویددیا کا منظوم ساگر : _cویددیا ساگر آنند ; مرتبہ عبدل مننان طرزی _bڈاکٹر ویددیا ساگر آنند کے فکر و فن پر منظم اظہار خیال / |
||
| 246 |
_aViddya ka manum sagar : doctor Viddya sagar Annad ke fikr-o-fun par manjum izhar-e- khyal / _bby Viddya Sagar Annad ; compiled by Abdul Mannan Tarzi |
||
| 260 |
_aکینیا _bکوکن اردو رائٹرس گلڈ _c2008 |
||
| 270 | _bکینیا | ||
| 300 |
_a200p. _c21cm(Hb) |
||
| 650 |
_aادب - اردو _9111304 |
||
| 650 |
_a اردو نظمیں _9462 |
||
| 650 |
_aLitrerature -- Urdu _9111305 |
||
| 650 |
_aUrdu poems _9111306 |
||
| 700 |
_aعبدل مننان طرزی _9111307 |
||
| 942 |
_2ddc _cUR _h841 _mآ ن ن |
||
| 999 |
_c106399 _d106399 |
||